The markandeya purana / (Record no. 125510)

MARC details
000 -LEADER
fixed length control field 00725nam a22002417a 4500
005 - DATE AND TIME OF LATEST TRANSACTION
control field 20170124105956.0
010 ## - LIBRARY OF CONGRESS CONTROL NUMBER
LC control number A-542074
020 ## - INTERNATIONAL STANDARD BOOK NUMBER
Terms of availability 00.00
035 ## - SYSTEM CONTROL NUMBER
System control number A-542074
037 ## - SOURCE OF ACQUISITION
Source of stock number/acquisition Cen Lib/Ret
040 ## - CATALOGING SOURCE
Original cataloging agency DPL
Language of cataloging EN
082 ## - DEWEY DECIMAL CLASSIFICATION NUMBER
Classification number 230.22
Item number DEB
100 ## - MAIN ENTRY--PERSONAL NAME
Personal name Debroy, Dipavali
9 (RLIN) 86816
245 ## - TITLE STATEMENT
Title The markandeya purana /
Remainder of title by Dipavali Debroy [and] Bibek Debroy
260 ## - PUBLICATION, DISTRIBUTION, ETC. (IMPRINT)
Place of publication, distribution, etc Delhi
Name of publisher, distributor, etc Books For All
270 ## - ADDRESS
Address C-2/9, 3rd Floor, Community Centre, Ashok Vihar, Phase-II
City New Delhi
Postal code 110034
300 ## - PHYSICAL DESCRIPTION
Extent 120p.
Dimensions 17cm(Hb)
490 ## - SERIES STATEMENT
Series statement Great Epics of India : Purana 7
650 ## - SUBJECT ADDED ENTRY--TOPICAL TERM
Topical term or geographic name as entry element Hinduism
9 (RLIN) 86817
650 ## - SUBJECT ADDED ENTRY--TOPICAL TERM
Topical term or geographic name as entry element Puranas
9 (RLIN) 86818
700 ## - ADDED ENTRY--PERSONAL NAME
Personal name Debroy, Bibek
9 (RLIN) 86819
942 ## - ADDED ENTRY ELEMENTS (KOHA)
Source of classification or shelving scheme Dewey Decimal Classification
Koha item type English Books
Classification part 230.22
Call number suffix DEB
Holdings
Withdrawn status Lost status Damaged status Not for loan Home library Current library Date acquired Source of acquisition Cost, normal purchase price Total Checkouts Full call number Barcode Date last seen Copy number Cost, replacement price Price effective from Koha item type
        Central Library Central Library 22/06/2015 Cen Lib/Ret 0.00   230.22 DEB A-542074 22/06/2015 1 0.00 22/06/2015 English Books

© Delhi Public Library
Hit Counter
free hit counter